Pays sans les lettres de "BÉNIN" - Statistiques

Statistiques générales
  • Ce quiz a été pris 40 fois
    6 depuis la dernière actualisation
  • Le résultat moyen est 9 sur 14
Statistiques - réponses
Continents Pays % Correct
Afrique Tchad
100%
Afrique Togo
100%
Europe Kosovo
75%
Océanie Palaos
75%
Amérique du Sud Paraguay
75%
Océanie Tuvalu
75%
Amérique du Sud Uruguay
75%
Asie Laos
50%
Afrique Madagascar
50%
Afrique Maroc
50%
Europe Portugal
50%
Asie Qatar
50%
Amérique du Nord Salvador
50%
Océanie Samoa
50%
Aucun quiz correspondant
Distribution des résultats
% des personnes avec chaque résultat
Percentile par nombre de réponses
Votre historique - résultats
Vous n’avez pas pris ce quiz depuis la dernière actualisation